Villes de France avec trois lettres identiques - Statistiques

Statistiques générales
  • Ce quiz a été pris 102 fois
  • Le résultat moyen est 7 sur 20
Statistiques - réponses
Population Département Ville % Correct
237 000 59 Lille
90%
173 000 42 Saint-Étienne
83%
147 000 13 Aix-en-Provence
72%
147 000 63 Clermont-Ferrand
72%
79 000 17 La Rochelle
57%
120 000 92 Boulogne-Billancourt
54%
72 000 44 Saint-Nazaire
54%
78 000 50 Cherbourg-en-Cotentin
46%
66 000 91 Évry-Courcouronnes
36%
56 000 11 Narbonne
34%
59 000 92 Neuilly-sur-Seine
27%
63 000 83 La Seyne-sur-Mer
25%
62 000 59 Villeneuve-d'Ascq
25%
90 000 92 Asnières-sur-Seine
18%
68 000 92 Levallois-Perret
17%
53 000 91 Corbeil-Essonnes
12%
75 000 94 Saint-Maur-des-Fossés
8%
53 000 93 Saint-Ouen-sur-Seine
8%
53 000 93 Épinay-sur-Seine
3%
58 000 93 Le Blanc-Mesnil
3%
Aucun quiz correspondant
Distribution des résultats
% des personnes avec chaque résultat
Percentile par nombre de réponses
Votre historique - résultats
Vous n’avez pas pris ce quiz